01018cam a2200253 i 4500020002600000020002300026040001000049082002600059245008200085246006200167246007800229250001700307300004700324500012500371500002700496650002900523650002800552650001600580700002200596710006100618710006100679942000700740999001700747 a9789251084854 (print) a9251084858 (print) cYDXCP00a631 FAO 2014 A051 Or.00aSAFA guidelines :bsustainability assessment of food and agriculture systems.3 aSustainability assessment of food and agriculture systems3 aSAFA sustainability assessment of food and agriculture systems guidelines aVersion 3.0. ax, 253 p. :bcolor illustrations ;c28 cm. a"SAFA is an initiative led by Nadia El-Hage Scialabba, Natural Resources Management and Environment Department"--P. iii. a"July 2014"--P. [254]. 0aSustainable agriculture. 0aFood industry and trade 0aFood supply1 aScialabba, Nadia.2 aFood and Agriculture Organization of the United Nations.2 aFood and Agriculture Organization of the United Nations. cEK c14592d14592